| 000 | 00936nam a22002777a 4500 | ||
|---|---|---|---|
| 001 | 7444 | ||
| 003 | FISKH | ||
| 005 | 20250716095440.0 | ||
| 008 | 250716b cb ||||| |||| 00| 0 eng d | ||
| 020 | _a9780201329759 | ||
| 040 |
_aFISKH _beng _cFISKH _dFISKH |
||
| 050 | _aPZ7 | ||
| 082 | _a 428.6 | ||
| 100 | _aBailey, Claudia | ||
| 245 |
_aMaddy and Clive / _cWritten by Claudia Bailey ; Illustrated by Suzanne Smith |
||
| 260 |
_aCalifornia : _bWaterford Institute, _c2004. |
||
| 300 |
_a8 pages : _bcolor illustrations ; _c20 cm |
||
| 505 | _aE | ||
| 520 | _aMaddy and Clive enjoy their summer hiking, biking, swimming and sitting under a tree at the end of each day. Includes a list of pattern words and vocabulary words. | ||
| 521 | 8 |
_a200
_bLexile estimate |
|
| 521 | 8 |
_aE
_bRaz-Plus |
|
| 650 |
_aReader _vJuvelnile Fiction |
||
| 700 |
_aSmith, Suzanne _eillustrator |
||
| 942 |
_2ddc _cBK _n0 |
||
| 999 |
_c7444 _d7444 |
||